| 000 -CABECERA |
| Longitud fija campo de control |
00893nam a22002537a 4500 |
| 003 - IDENTIFICADOR DEL NÚMERO DE CONTROL |
| Identificador del número de control |
OSt |
| 005 - FECHA Y HORA DE LA ÚLTIMA TRANSACCIÓN |
| Fecha y hora de la última transacción |
20131021131010.0 |
| 008 - CÓDIGOS DE INFORMACIÓN DE LONGITUD FIJA |
| Códigos de información de longitud fija |
130417s2009 sp ||||| |||| 00| 0 spa d |
| 020 ## - NÚMERO INTERNACIONAL NORMALIZADO PARA LIBROS |
| Número Internacional Normalizado para Libros (ISBN) |
9788487641381 |
| 040 ## - FUENTE DE LA CATALOGACIÓN |
| Centro transcriptor |
CDMR |
| 100 1# - PUNTO DE ACCESO PRINCIPAL-NOMBRE DE PERSONA |
| 9 (RLIN) |
3201 |
| Nombre de persona |
Álvarez Junco, José |
| 245 13 - MENCIÓN DE TÍTULO |
| Título |
El nacimiento del periodismo político |
| Resto del título |
: la libertad de imprenta en las Cortes de Cádiz (1810-1814) |
| Mención de responsabilidad, etc. |
José Álvarez Junco, Gregorio de la Fuente Monge |
| 260 ## - PUBLICACIÓN, DISTRIBUCIÓN, ETC. (PIE DE IMPRENTA) |
| Lugar de publicación, distribución, etc. |
[s.n] |
| Nombre del editor, distribuidor, etc. |
APM |
| 260 ## - PUBLICACIÓN, DISTRIBUCIÓN, ETC. (PIE DE IMPRENTA) |
| Nombre del editor, distribuidor, etc. |
Fragua |
| 260 ## - PUBLICACIÓN, DISTRIBUCIÓN, ETC. (PIE DE IMPRENTA) |
| Nombre del editor, distribuidor, etc. |
Asociación de la Prensa de Cádiz |
| 260 ## - PUBLICACIÓN, DISTRIBUCIÓN, ETC. (PIE DE IMPRENTA) |
| Nombre del editor, distribuidor, etc. |
Consorcio para la Conmemoración del Bicentenario de la Constitución de 1812 |
| Fecha de publicación, distribución, etc. |
2009 |
| 300 ## - DESCRIPCIÓN FÍSICA |
| Extensión |
422 p. |
| 490 0# - MENCIÓN DE SERIE |
| Mención de serie |
Memoria (APM) |
| Designación de volumen o secuencia |
9 |
| 650 04 - PUNTO DE ACCESO ADICIONAL DE MATERIA - TÉRMINO DE MATERIA |
| 9 (RLIN) |
3163 |
| Término de materia o nombre geográfico como elemento inicial |
Premsa política |
| Subdivisión geográfica |
Espanya |
| 650 04 - PUNTO DE ACCESO ADICIONAL DE MATERIA - TÉRMINO DE MATERIA |
| 9 (RLIN) |
2512 |
| Término de materia o nombre geográfico como elemento inicial |
Periodisme |
| Subdivisión de materia general |
Història |
| 650 04 - PUNTO DE ACCESO ADICIONAL DE MATERIA - TÉRMINO DE MATERIA |
| 9 (RLIN) |
4150 |
| Término de materia o nombre geográfico como elemento inicial |
Llibertat d'impremta |
| Subdivisión geográfica |
Espanya |
| 700 1# - PUNTO DE ACCESO ADICIONAL - NOMBRE DE PERSONA |
| 9 (RLIN) |
3202 |
| Nombre de persona |
Fuente Monge, Gregorio de la |
| 942 ## - ENTRADA DE ELEMENTOS AGREGADOS (KOHA) |
| Fuente de clasificaión o esquema |
|
| Koha [por defecto] tipo de item |
Monografies |